| 000 | 00000nas 2200000za 4500 |
| 001 | 9.832960 |
| 003 | CaOODSP |
| 005 | 20221107150117 |
| 007 | cr ||||||||||| |
| 008 | 170223d19601982oncar p oss f0###b0fre|d |
| 022 | |y0527-5512 |
| 040 | |aCaOODSP|bfre |
| 041 | |aeng|afre |
| 043 | |an-cn--- |
| 086 | 1 |aCS43-207-PDF |
| 245 | 00|aManufacturers of electrical industrial equipment |h[ressource électronique]. |
| 246 | 13|aManufacturiers de matériel électrique industriel|f1967-1969 |
| 246 | 13|aFabricants d'équipement électrique industriel|f1970-1982 |
| 260 | |a[Ottawa] : |bDominion Bureau of Statistics, Industry and Merchandising Division, |c1963-1984. |
| 310 | |aAnnuel |
| 362 | 0 |a1960-1982. |
| 500 | |aÉdition numérisée de l’imprimé [par Statistique Canada]. |
| 546 | |aTexte en anglais seulement, 1960-1966; texte en anglais et en français, 1967-1982. |
| 550 | |aPublié 1961-1964 par Industry Division; 1965-1969 par la Division des industries manufacturières et primaires; 1970-1978 par Statistique Canada, Division des industries manufacturières et primaires; 1979-1981 par la Section des aliments, des boissons, des textiles et des industries diverses; 1982 par la Section des aliments, des textiles, des produits chimiques et des industries diverses. |
| 580 | |aFait suite après scission à: Electrical apparatus and supplies industry. |
| 692 | 07|2gccst|aTechnologie industrielle |
| 692 | 07|2gccst|aStatistique |
| 710 | 1 |aCanada. |bBureau fédéral de la statistique. |bDivision de l'industrie et du commerce. |
| 710 | 1 |aCanada. |bBureau fédéral de la statistique. |bDivision de l'industrie. |
| 710 | 2 |aCanada. |bStatistique Canada. |bSection des aliments, des boissons, des textiles et des industries diverses. |
| 710 | 1 |aCanada. |bStatistique Canada. |bSection des aliments, des textiles, des produits chimiques et des industries diverses. |
| 710 | 1 |aCanada. |bStatistique Canada. |bDivision des industries manufacturières et primaires. |
| 710 | 1 |aCanada. |bStatistics Canada. |bManufacturing and Primary Industries Division. |
| 785 | 00|tElectrical industrial equipment industries |w(CaOODSP)9.832964 |
| 791 | |tManufacturers of electrical industrial equipment |eeng|w(CaOODSP)9.832958 |